Pokémon 1re génération - Mort Subite - Statistiques

Statistiques générales
  • Ce quiz a été pris 421 fois
  • Le résultat moyen est 11 sur 14
Answers on the Grid
Answers color-coded by a green-red scale on the quiz's grid according to % correct below.
Pikachu
Marill
Osselait
Steelix
Draco
Noctali
Toudoudou
Rattatac
Grodoudou
Pyrobut
Tadmorv
Salarsen
Stari
Pichu
Grainipiot
Aspicot
Batracné
Tentacruel
Amagara
Maraiste
Kraknoix
Noadkoko
Wattouat
Machopeur
Lianaja
Crustabri
Bourrinos
Voltali
Pohmotte
Miaouss
 
Statistiques - réponses
Réponse % Correct
Pikachu
88%
Miaouss
83%
Rattatac
83%
Aspicot
81%
Stari
78%
Machopeur
77%
Draco
76%
Osselait
74%
Tentacruel
74%
Tadmorv
73%
Grodoudou
72%
Voltali
72%
Noadkoko
70%
Crustabri
62%
Aucun quiz correspondant
Distribution des résultats
% des personnes avec chaque résultat
Percentile par nombre de réponses
Votre historique - résultats
Vous n’avez pas pris ce quiz